Представление документа в формате MARC21

Поле Инд. ПП Название Значение
Тип записи a
Библиографический уровень b
001 Контрольный номер fd360d824cc649b091d8f4514fa3a1ff
005 Дата корректировки 20210819104239.6
040 a Служба первич. каталог. РИНЦ
041 0_ a Код языка текста rus
084 a Индекс другой классификации/Индекс ББК 32.81; 26.3; 32.97
097 a Ануфриева Г.Ю.
097 a Назина Л.Н.
100 1_ a Автор Черемисина Е. Н.
g Прочие сведения РИНЦ AuthorID: 119359 (http://elibrary.ru/author_profile.asp?id= 119359); Scopus Author ID: 6504569461 (https://www.scopus.com/authid/detail.uri?authorId=6504569461)
q Полное имя Черемисина Евгения Наумовна
c Титул (звания) профессор; доктор технических наук
i 000089043
k Кафедра системного анализа и управления; Институт системного анализа и управления
u Дополнение Cheremisina Ye N.
100 1_ a Автор Никитин А. А.
245 10 a Заглавие Геоинформационные системы в природопользовании
650 04 a Основная рубрика науки о Земле; радиоэлектроника; вычислительная техника; информационные технологии; программное обеспечение; геология; информатика
773 18 t Название источника Геоинформатика
b Сведения об издании Государственный научный центр Российской Федерации Всероссийский научно-исследовательский институт геологических, геофизических и геохимических систем
c Москва
d Место и дата издания 2006
m Специф. данные входит в ядро РИНЦ
m Специф. данные журнал из перечня ВАК
m Специф. данные ненулевой импакт-фактор
n Примечание http://elibrary.ru/contents.asp?issueid=557181
g Прочая информация № 3. - С. 5 - 20
w Контрольный № источника 1a1a6d474ecb4b1fa211016ac1859c7d
856 40 u URL http://elibrary.ru/item.asp?id=11898790
901 t Тип документа b
952 c Вид литературы статья в журнале